000 01175nam a22002655a 4500
005 20161025110817.0
008 161024s2013 gw a frb 101 0 eng d
020 _a9783642388231
040 _aEG-ScBUE
_beng
_cEG-ScBUE
_dEG-ScBUE
082 0 4 _a006.35
_bNAT
_222
111 2 _aInternational Conference on Applications of Natural Language to Information Systems
_n(18th :
_d2013 :
_cSalford, Greater Manchester, England)
245 1 0 _aNatural language processing and information systems :
_b18th International Conference on Applications of Natural Language to Information Systems, NLDB 2013, Salford, UK. Proceedings /
_c[edited by] Elisabeth Metais ... [et al.]
260 _aHeidelberg :
_bSpringer,
_c2013.
300 _axv, 426 p. :
_bill. ;
_c24 cm.
490 0 _aLecture notes in computer science ;
_v7934
500 _aIndex : p. 425-426.
504 _aIncludes bibliographical references.
650 7 _2BUEsh
_aNatural language processing (Computer science)
_vCongresses.
651 _2BUEsh
653 _bCOMSCI
_cOctober2016
700 1 _aMetais, Elisabeth,
_eeditor.
700 1 _aMeziane, Farid,
_eeditor.
700 1 _aSararee, Mohamad,
_eeditor.
942 _2ddc
999 _c22835
_d22807